A. WESLEY POWELL LEARNING RESOURCE CENTRE (WPLRC)

Wonderful Place to Learn, Research & Collaborate

The Negro American / (Record no. 6459)

MARC details
000 -LEADER
fixed length control field 01479cam a2200349 a 4500
001 - ACCESSION NUMBER
control field 29925
003 - CONTROL NUMBER IDENTIFIER
control field OSt
005 - DATE AND TIME OF LATEST TRANSACTION
control field 20160513114408.0
008 - FIXED-LENGTH DATA ELEMENTS--GENERAL INFORMATION
fixed length control field 860801r19671966maua b 001 0 eng d
020 ## - INTERNATIONAL STANDARD BOOK NUMBER
International Standard Book Number 0807041831
Terms of availability $3.95
035 ## - SYSTEM CONTROL NUMBER
System control number (OCoLC)ocm15868402
035 ## - SYSTEM CONTROL NUMBER
System control number (NNC)1207320
040 ## - CATALOGING SOURCE
Original cataloging agency MNP
Transcribing agency MNP
Modifying agency m/c
-- WEA
-- OCL
-- ZCU
043 ## - GEOGRAPHIC AREA CODE
Geographic area code n-us---
082 ## - DEWEY DECIMAL CLASSIFICATION NUMBER
Classification number 305.873/NEG
245 04 - TITLE STATEMENT
Title The Negro American /
Statement of responsibility, etc. edited and with introductions by Talcott Parsons and Kenneth B. Clark and with a foreword by Lyndon B. Johnson ; illustrated with a 32 page portfolio of photographs by Bruce Davidson selected and introduced by Arthur D. Trottenberg.
260 ## - PUBLICATION, DISTRIBUTION, ETC. (IMPRINT)
Place of publication, distribution, etc. Boston :
Name of publisher, distributor, etc. Beacon Press,
Date of publication, distribution, etc. 1967, c1966.
300 ## - PHYSICAL DESCRIPTION
Extent xxix, 781 p. :
Other physical details ill. ;
Dimensions 20 cm.
490 1# - SERIES STATEMENT
Series statement The Daedalus library
500 ## - GENERAL NOTE
General note "Beacon paperback."
500 ## - GENERAL NOTE
General note Most of the essays appeared originally, "some of them in slightly different form, in the Fall 1965 and Winter 1966 issues of Daedalus, the journal of the American Academy of Arts and Sciences"--T.p. verso.
500 ## - GENERAL NOTE
General note Reprint. Originally published: Houghton Mifflin, 1966.
504 ## - BIBLIOGRAPHY, ETC. NOTE
Bibliography, etc Includes bibliographical references and indexes.
650 #0 - SUBJECT ADDED ENTRY--TOPICAL TERM
Topical term or geographic name as entry element African Americans.
650 #0 - SUBJECT ADDED ENTRY--TOPICAL TERM
Topical term or geographic name as entry element African Americans
General subdivision Civil rights.
700 1# - ADDED ENTRY--PERSONAL NAME
Personal name Parsons, Talcott,
Dates associated with a name 1902-1979.
700 1# - ADDED ENTRY--PERSONAL NAME
Personal name Clark, Kenneth Bancroft,
Dates associated with a name 1914-2005.
730 0# - ADDED ENTRY--UNIFORM TITLE
Uniform title Daedalus (Boston, Mass.)
830 #0 - SERIES ADDED ENTRY--UNIFORM TITLE
Uniform title Daedalus library.
942 ## - ADDED ENTRY ELEMENTS (KOHA)
Source of classification or shelving scheme Dewey Decimal Classification
Koha item type Circ Books
Holdings
Withdrawn status Lost status Source of classification or shelving scheme Damaged status Not for loan Home library Current library Date acquired Total Checkouts Full call number Barcode Date last seen Price effective from Koha item type
    Dewey Decimal Classification     Wesley Powell Learning Resource Centre Wesley Powell Learning Resource Centre 05/13/2016   305.873/NEG 29925 05/13/2016 05/13/2016 Circ Books